| 000 -LEADER |
| fixed length control field |
00530nam a22001937a 4500 |
| 008 - FIXED-LENGTH DATA ELEMENTS--GENERAL INFORMATION |
| fixed length control field |
150923b xxu||||| |||| 00| 0 eng d |
| 020 ## - INTERNATIONAL STANDARD BOOK NUMBER |
| International Standard Book Number |
9780073048253 |
| 020 ## - INTERNATIONAL STANDARD BOOK NUMBER |
| International Standard Book Number |
0073048259 |
| 020 ## - INTERNATIONAL STANDARD BOOK NUMBER |
| International Standard Book Number |
9780073103686 |
| 020 ## - INTERNATIONAL STANDARD BOOK NUMBER |
| International Standard Book Number |
0073103683 |
| 041 0# - LANGUAGE CODE |
| Language code of text/sound track or separate title |
eng |
| 080 ## - UNIVERSAL DECIMAL CLASSIFICATION NUMBER |
| Universal Decimal Classification number |
311.1 |
| 245 ## - TITLE STATEMENT |
| Title |
Elementary statisticcs: |
| Statement of responsibility, etc |
Allan G. Bluman. |
| 250 ## - |
| -- |
6th ed. |
| 260 ## - |
| -- |
USA: |
| -- |
McGraw Hill Companies; |
| -- |
2007. |
| 300 ## - |
| -- |
14-31 (various pages) |
| -- |
me il.; |
| -- |
25 cm. |
| 650 #0 - |
| -- |
Statistika |
| 942 ## - ADDED ENTRY ELEMENTS (KOHA) |
| Source of classification or shelving scheme |
|
| Item type |
Books |